Представление документа в формате RUSMARC

ПолеНазваниеЗначение
  Тип записи a
  Библиографический уровень m
001 Контрольный номер RU/SLIB/B/208709435
005 Дата корректировки 20210125114132.5
010 Индекс ISBN __
d Цена 143-00; 140-00
101 Язык документа 0_
a Язык текста rus
c Язык оригинала eng
200 Заглавие и сведения об ответственности 1_
a Заглавие Импрессионисты
e Сведения, относящиеся к заглавию истоки современной живописи. Музеи и галереи : для сред. и ст. шк. возраста
f Первые сведения об ответственности Ф. Сальви ; пер. с англ. Е. В. Комиссарова ; худож. Л. Р. Галант, А. Риччиарди
b Общее обозначение материала Текст
210 Выходные данные 1_
a Место издания М.
c Издательство Росмэн
d Дата издания 1998
215 Физическое описание __
a Объем 64 с.
c Иллюстрации/тип воспроизводства ил.
225 Серия 2_
a Серия История искусства для детей
330 Аннотация __
a Аннотация В этой книге рассказывается о зарождении и развитии импрессионизма и о самых известных полотнах, принесших ему мировую славу. Вы узнаете много интересного о жизни художников, об их взаимоотношениях, о трудностях и невзгодах, сопутствовавших их борьбе с салонным академизмом и консервативными чиновниками от искусства. Вы познакомитесь со стилем и техникой импрессионистов, с темами и сюжетами, позволившими им увидеть окружающий мир в совершенно новом свете. Книга знакомит с биографиями и творчеством Мане, Моне, Ренуара, Дега, Сезанна, Писсарро, Сислея, Моризо, Кассатт, Гильомена и Кайботта.
517 Другие варианты заглавия 1_
a Другие варианты заглавия Музеи и галереи
517 Другие варианты заглавия 1_
a Другие варианты заглавия Истоки современной живописи
600 Персоналии _1
a Персоналии (Фамилия) Гильомен, А.
600 Персоналии _1
a Персоналии (Фамилия) Дега, Э.
c Дополнение к имени французский живописец, график, скульптор
f Даты 1834-1917
g Полное имя Эдгар
600 Персоналии _1
a Персоналии (Фамилия) Кайботт, Г.
600 Персоналии _1
a Персоналии (Фамилия) Мане, Э.
c Дополнение к имени французский живописец
f Даты 1832-1883
g Полное имя Эдуар
600 Персоналии _1
a Персоналии (Фамилия) Моне, К.
c Дополнение к имени французский живописец
f Даты 1840-1926
g Полное имя Клод Оскар
600 Персоналии _1
a Персоналии (Фамилия) Моризо, Б.
600 Персоналии _1
a Персоналии (Фамилия) Писсарро, К.
c Дополнение к имени французский живописец
f Даты 1830-1903
g Полное имя Камиль
600 Персоналии _1
a Персоналии (Фамилия) Ренуар, О.
c Дополнение к имени французский живописец
f Даты 1841-1919
g Полное имя Огюст
600 Персоналии _1
a Персоналии (Фамилия) Сезанн, П.
c Дополнение к имени французский живописец
f Даты 1839-1906
g Полное имя Поль
600 Персоналии _1
a Персоналии (Фамилия) Сислей, А.
c Дополнение к имени французский живописец
f Даты 1839-1899
g Полное имя Альфред
600 Персоналии _1
a Персоналии (Фамилия) Кассатт, М.
c Дополнение к имени американский живописец
f Даты 1844-1926
g Полное имя Мэри
606 Тематические рубрики __
a Основная рубрика Изобразительное искусство и архитектура
z Хронологическая подрубрика 19 в.; 20 в.
y Географическая подрубрика Франция; Америка
606 Тематические рубрики __
a Основная рубрика История живописи
610 Ключевые слова 0_
a Ключевые слова история искусства; персоналии; художники; галереи; импрессионизм; биографии; биографические материалы; американская живопись; французская живопись; французские художники
686 Индексы других классификаций __
2 Код системы rubbks
a Классификационный индекс 85.143(4Фра)53-8; ст85.143(4Фра)г
700 Автор _1
a Фамилия Сальви
b Имя Ф.
4 Код отношения 070
702 Вторичная интеллектуальная ответственность _1
a Фамилия Комиссаров
b Имя Е. В.
4 Код отношения Переводчик
4 Код отношения 730
702 Вторичная интеллектуальная ответственность _1
a Фамилия Галант
b Имя Л. Р.
4 Код отношения Художник
4 Код отношения 040
702 Вторичная интеллектуальная ответственность _1
a Фамилия Риччиарди
b Имя А.
4 Код отношения Художник
4 Код отношения 040
801 Источник записи _0
a Страна RU
b Организация Муниципальное бюджетное учреждение культуры "Централизованная библиотечная система" г. Сургут (Центральная городская библиотека им. А. С. Пушкина)
g Правила каталогизации ОБ/Варварина
801 Источник записи _1
a Страна RU
b Организация Муниципальное бюджетное учреждение культуры "Централизованная библиотечная система" г. Сургут (Центральная городская библиотека им. А. С. Пушкина)
g Правила каталогизации ОБ/Варварина
852 Данные о местонахождении __
j Шифр хранения 85.143(4Фра)53-8
c Каталожный индекс 85.14
i Авторский знак С 16
p Инвентарный номер 76388
901 Тип документа __
t Тип документа m
903 Характеристики (МАРС) __
a Дата передачи 20000621
990 Данные о заказе (DOS) 00
j Количество экземпляров (DOS) 14; 12
t N записи в КСУ для И/У (DOS) 200208; 200003